000 01032nam a22003257a 4500
001 BR0403305
003 BR-BrBNA
005 20230928101650.0
007 ta
008 230509b bl.||||| |||| 00| 0 por d
040 _aBR-BrBNA
_bpor
_cBiblioteca Nacional de Agricultura
041 _a(Por)
072 _aE16; U10
090 _ E16 BR0403305
100 1 _aStuker, H.
110 1 _aUniversidade Federal de Santa Catarina, Florianópolis (Brasil)
_0Tese (Doutor em Engenharia de Produção)
245 1 _aUma metodologia de avaliação da eficiência agropecuária de municípios
260 3 _aFlorianópolis, SC (Brasil):
_c2003.
300 _a131 p.
500 _aSummaries (Eng, Por); Bibliography p. 101-108; 32 tables; 7 illus.
650 _aAGRICULTURA
650 _aPECUÁRIA
650 _aPRODUÇÃO AGRÍCOLA
650 _aANÁLISE ECONÔMICA
650 _aMODELO MATEMÁTICO
650 _aMÉTODO ESTATÍSTICO
650 _aANÁLISE DE DADOS
909 _a202309
_bLucia
_c55
_dLucia Elande
942 _cBK
999 _c66953
_d66953